1000+ grafických prvků, pro zřetelnější a jasněji čitelný design /

Saved in:
Bibliographic Details
Corporate Author: Grant Design Collaborative (Originator)
Other Authors: Pavel, Jan 1973- (Editor), Kraml, Jan (Translator)
Format: Book
Language:Czech
English
Published: Praha : Slovart, 2009
Edition:[1. vyd.]
Subjects:
ISBN:9788073913069
Online Access: Get full text
Tags: Add Tag
No Tags, Be the first to tag this record!

MARC

LEADER 00000nam a2200000 4500
003 SK-BrCVT
005 20220621163818.0
008 101110s2009 xr e ||||||cze d
020 |a 9788073913069 
035 |a CVTIDW0003199 
040 |b slo  |a CVTI SR  |e AACR2 
041 1 |a cze  |h eng 
044 |a xr 
080 |a 766:655  |2 UDC-MRF 
110 1 |a Grant Design Collaborative  |4 org 
245 1 0 |a 1000+ grafických prvků, pro zřetelnější a jasněji čitelný design /  |c Grant Design Collaborative ; editor: Jan Pavel ; z anglického originálu přeložil: Jan Kraml 
250 |a [1. vyd.] 
260 |a Praha :  |b Slovart,  |c 2009 
300 |a 319 s. :  |b fotogr., obr. ; 
653 1 |a grafický dizajn 
653 1 |a typografia 
653 1 |a grafický prvok 
700 1 |a Pavel, Jan  |d 1973-,  |4 edt 
700 1 |a Kraml, Jan  |4 trl 
910 |b A611818 
919 |a 978-80-7391-306-9 
959 |a 54 
974 |a Jelinkova  |f Knihy 
992 |a AOP 
999 |c 159499  |d 159499